[Event "Bayerische EM 2014 Allg. Gruppe"]
[Site "Westerndorf St. Peter/Rosenheim"]
[Date "2014.08.24"]
[Round "2.8"]
[White "Knechtel, Roland"]
[Black "Grawe, Christian"]
[Result "1/2-1/2"]
[WhiteElo "2227"]
[BlackElo "2214"]
[PlyCount "150"]
[EventDate "2014.??.??"]
[WhiteTeam "SV Röhrnbach e.V."]
[BlackTeam "Schachklub Germering e. V."]

1. d4 Nf6 2. Nf3 d5 3. c4 c6 4. Nc3 dxc4 5. a4 Bf5 6. Ne5 Nbd7 7. Nxc4 Qc7 8.
g3 e5 9. dxe5 Nxe5 10. Bf4 Nfd7 11. Bg2 g5 12. Nxe5 gxf4 13. Nxd7 O-O-O 14. Qd4
Qxd7 15. Qxf4 Bd6 16. Qd4 a5 17. O-O Kb8 18. Rfd1 Qe7 19. Qb6 Bc7 20. Qb3 Be6
21. Qc2 Qb4 22. Rxd8+ Rxd8 23. h4 h5 24. Bf3 Rg8 25. Ne4 Be5 26. Ng5 Bb3 27.
Qe4 Qc5 28. Kg2 f6 29. Qd3 Qb4 30. Ne4 Bc4 31. Qc2 Bd5 32. Rb1 Rg4 33. Nc3
Bxf3+ 34. exf3 Rc4 35. Qh7 Qb3 36. Ne4 Qc2 37. b3 Qxb1 38. bxc4 Qb4 39. c5 Qxa4
40. Qxh5 Qc4 41. Qe8+ Ka7 42. h5 Qd4 43. Qe7 Qb2 44. Qd8 Qb4 45. h6 f5 46. Nf6
Qc3 47. Nd7 Bd4 48. Qb8+ Ka6 49. Qa8+ Kb5 50. Qxb7+ Kc4 51. Qxc6 Qd2 52. Qe6+
Kc3 53. Qxf5 Bxf2 54. c6 Bd4+ 55. Kh3 Qxh6+ 56. Kg4 Qxc6 57. Qxa5+ Kc2 58. Qf5+
Kc3 59. Ne5 Qb5 60. f4 Qe2+ 61. Kg5 Bb6 62. Qc8+ Kd4 63. Qd7+ Ke3 64. Ng4+ Kf3
65. Kh4 Qe4 66. Ne5+ Kg2 67. Qh3+ Kg1 68. Qd7 Bf2 69. Nd3 Bd4 70. Qb5 Bf6+ 71.
Kg4 Qe2+ 72. Kh3 Qg2+ 73. Kg4 Qe2+ 74. Kh3 Qg2+ 75. Kg4 Qe2+ 1/2-1/2

[Event "Bayerische EM 2014 Allg. Gruppe"]
[Site "Westerndorf St. Peter/Rosenheim"]
[Date "2014.08.24"]
[Round "2.9"]
[White "Höller, Armin"]
[Black "Wagner, Florian"]
[Result "0-1"]
[WhiteElo "2035"]
[BlackElo "2215"]
[PlyCount "116"]
[EventDate "2014.??.??"]
[WhiteTeam "SK Weilheim"]
[BlackTeam "SC Noris-Tarrasch Nürnberg 1873"]

1. Nf3 g6 2. e4 Bg7 3. d4 d6 4. Bc4 a6 5. a4 e6 6. Nc3 Ne7 7. Bg5 h6 8. Bxe7
Qxe7 9. O-O O-O 10. Ne2 Nd7 11. c3 b6 12. Re1 Bb7 13. Ng3 c5 14. d5 e5 15. Qc2
Nf6 16. Nd2 Bc8 17. b4 Qc7 18. bxc5 Qxc5 19. h3 h5 20. Bd3 Bd7 21. Nb3 Qc7 22.
c4 a5 23. Ne2 Ne8 24. Nc3 Qd8 25. Nd2 Rb8 26. Rab1 Qg5 27. Nf3 Qf6 28. Qe2 g5
29. Nh2 Qh6 30. Rb2 Bf6 31. Reb1 Bd8 32. Qe3 Ng7 33. Nb5 f5 34. f3 f4 35. Qf2
g4 36. hxg4 hxg4 37. Nxg4 Bxg4 38. fxg4 Bh4 39. Qf3 Rf7 40. Kf1 Ne8 41. Ke2 Bg3
42. Kd2 Qh4 43. Rf1 Rd8 44. Nc3 Nf6 45. Rxb6 Nxg4 46. Nb5 Nh2 47. Qd1 Nxf1+ 48.
Bxf1 f3 49. gxf3 Bf2 50. Rc6 Bc5 51. Rc7 Rxc7 52. Nxc7 Rb8 53. Nb5 Kh8 54. Kd3
Rg8 55. Nc7 Rg1 56. Qc1 Qh1 57. Ke2 Rg2+ 58. Kd3 Rf2 0-1

[Event "Bayerische EM 2014 Allg. Gruppe"]
[Site "Westerndorf St. Peter/Rosenheim"]
[Date "2014.08.24"]
[Round "2.10"]
[White "Zill, Christoph"]
[Black "Probst, Albert"]
[Result "1-0"]
[WhiteElo "2182"]
[BlackElo "2102"]
[PlyCount "115"]
[EventDate "2014.??.??"]
[WhiteTeam "SK Freising"]
[BlackTeam "SK Bruckmühl e.V."]

1. e4 g6 2. d4 Bg7 3. Nc3 d6 4. Be3 Nf6 5. h3 Nc6 6. d5 Ne5 7. f4 Ned7 8. Nf3
Nh5 9. Kf2 Nc5 10. Bd3 e5 11. dxe6 Nxe6 12. Qd2 O-O 13. g4 Nf6 14. f5 Nc5 15.
Bxc5 dxc5 16. g5 Nh5 17. f6 Nxf6 18. gxf6 Qxf6 19. e5 Qe6 20. Qe2 c6 21. a4 Bd7
22. Rad1 Rad8 23. Ne4 b6 24. Bc4 Qe7 25. Nd6 Be6 26. Kg2 Bxc4 27. Nxc4 b5 28.
Nd6 f6 29. axb5 cxb5 30. Qxb5 Rb8 31. Qc4+ Kh8 32. b3 fxe5 33. Ne4 Rf4 34. Qxc5
Qb7 35. Neg5 h6 36. Qd5 hxg5 37. Qxb7 Rxb7 38. Nxg5 Rd4 39. Ne6 Rxd1 40. Rxd1
Re7 41. Rd8+ Kh7 42. Ng5+ Kh6 43. Ne4 Kh7 44. c4 Bh6 45. c5 Be3 46. Nf6+ Kg7
47. Nd5 Bxc5 48. Nxe7 Bxe7 49. Rd7 Kf6 50. Rxa7 e4 51. Rb7 Bc5 52. b4 Bd4 53.
b5 Ke5 54. Rg7 Kf5 55. Rd7 Be3 56. Rd6 g5 57. b6 Ke5 58. b7 1-0

[Event "Bayerische EM 2014 Allg. Gruppe"]
[Site "Westerndorf St. Peter/Rosenheim"]
[Date "2014.08.24"]
[Round "2.11"]
[White "Kunz, Konstantin"]
[Black "Basener, Winfried"]
[Result "0-1"]
[WhiteElo "2235"]
[BlackElo "2146"]
[PlyCount "148"]
[EventDate "2014.??.??"]
[WhiteTeam "SC Kitzingen von 1905"]
[BlackTeam "SC Neuhausen 1908"]

1. d4 Nf6 2. Bg5 e6 3. e3 d6 4. Bd3 Nc6 5. c3 h6 6. Bh4 g5 7. Bg3 Bg7 8. h4 e5
9. hxg5 hxg5 10. Rxh8+ Bxh8 11. Nd2 Qe7 12. dxe5 dxe5 13. Qb3 Bd7 14. O-O-O
O-O-O 15. Qc2 Nh5 16. Ne2 Ng7 17. f3 f5 18. e4 f4 19. Bf2 g4 20. Nb3 b6 21. Bc4
g3 22. Bg1 Ne8 23. a3 Nb8 24. Kb1 Nd6 25. Bd3 Ba4 26. Nec1 Nb7 27. Qe2 Rd6 28.
Bc2 Qe6 29. Na1 Bxc2+ 30. Nxc2 Na5 31. Nb4 Bf6 32. Rxd6 Qxd6 33. Qd3 Be7 34.
Kc2 c6 35. Qxd6 Bxd6 36. Nbd3 Kc7 37. a4 Nd7 38. b3 Nb7 39. b4 Nd8 40. Nb3 Ne6
41. a5 Kb7 42. axb6 axb6 43. c4 Bc7 44. Kc3 Ka6 45. b5+ cxb5 46. Nb4+ Kb7 47.
cxb5 Nf6 48. Nd5 Nd7 49. Kc4 Bd8 50. Nc3 Nf6 51. Nc1 Ng5 52. Nd3 Nf7 53. Nd5
Nd6+ 54. Kb4 Nxd5+ 55. exd5 Nf7 56. Ka4 Bf6 57. Nb4 Nd6 58. Nc6 Kc7 59. Kb4 Nf5
60. Kc4 Nd6+ 61. Kb4 Nf5 62. Kc4 Nh4 63. d6+ Kxd6 64. Bxb6 Nxg2 65. Kd3 Ne1+
66. Ke2 Nc2 67. Na7 Kd5 68. Bg1 e4 69. b6 e3 70. b7 Be5 71. Nb5 Nd4+ 72. Nxd4
Kxd4 73. Ke1 Kd3 74. Kd1 e2+ 0-1

[Event "Bayerische EM 2014 Allg. Gruppe"]
[Site "Westerndorf St. Peter/Rosenheim"]
[Date "2014.08.24"]
[Round "2.12"]
[White "Straub, Jürgen"]
[Black "Wilfert, André"]
[Result "1-0"]
[WhiteElo "2201"]
[BlackElo "2065"]
[PlyCount "91"]
[EventDate "2014.??.??"]
[WhiteTeam "SK Ingolstadt"]
[BlackTeam "1.FC Marktleuthen"]

1. e4 c5 2. Nf3 e6 3. d4 cxd4 4. Nxd4 a6 5. Bd3 Nc6 6. Nxc6 bxc6 7. O-O Bc5 8.
Nc3 e5 9. Qe2 Ne7 10. Na4 Ba7 11. c4 d6 12. c5 O-O 13. Rd1 dxc5 14. Bg5 Qc7 15.
Rac1 h6 16. Be3 c4 17. Bxc4 Bxe3 18. Qxe3 Bb7 19. Nc5 Bc8 20. Rd3 Kh8 21. Rcd1
Ng6 22. g3 a5 23. Rd6 Bh3 24. f3 Rad8 25. Rxd8 Rxd8 26. Rxd8+ Qxd8 27. Nd3 Be6
28. Bxe6 fxe6 29. Kf2 Qd6 30. Ke2 Ne7 31. Qc5 Qc7 32. Nxe5 Qb7 33. Nc4 Qa6 34.
b3 Nd5 35. exd5 exd5 36. Qxa5 Qc8 37. Ne3 d4 38. Nf1 Qe6+ 39. Kd2 Qh3 40. Ke1
Qe6+ 41. Kf2 Kh7 42. Qd2 c5 43. Qc2+ Kh8 44. Qxc5 d3 45. Qe3 Qa6 46. Qd2 1-0

[Event "Bayerische EM 2014 Allg. Gruppe"]
[Site "Westerndorf St. Peter/Rosenheim"]
[Date "2014.08.24"]
[Round "2.13"]
[White "Braun, Thomas"]
[Black "Lederle, Vitus"]
[Result "0-1"]
[WhiteElo "2151"]
[BlackElo "2200"]
[PlyCount "104"]
[EventDate "2014.??.??"]
[WhiteTeam "FC Bayern München e.V."]
[BlackTeam "SC Dillingen"]

1. d4 Nf6 2. c4 e6 3. Nc3 Bb4 4. Nf3 c5 5. g3 d5 6. cxd5 Nxd5 7. Bd2 Nc6 8.
Nxd5 Qxd5 9. Bxb4 cxb4 10. Bg2 O-O 11. O-O Qb5 12. Rc1 Rd8 13. e3 e5 14. Rc5
Qxc5 15. dxc5 Rxd1 16. Rxd1 Be6 17. a3 bxa3 18. bxa3 f6 19. Rb1 Rd8 20. Kf1 Na5
21. Nh4 g5 22. Nf3 Nb3 23. Ke1 Nxc5 24. h4 h6 25. Nd2 b6 26. Ne4 Nd3+ 27. Kf1
f5 28. Nc3 e4 29. hxg5 hxg5 30. g4 Nc5 31. gxf5 Bxf5 32. Nb5 Rd7 33. Nd4 Bg6
34. Bh3 Rc7 35. Kg2 Kg7 36. Bg4 Rf7 37. Rc1 Rxf2+ 38. Kxf2 Nd3+ 39. Ke2 Nxc1+
40. Kd2 Nd3 41. Nc6 a5 42. Kc3 Nf2 43. Be2 Kf6 44. Kd4 Bf5 45. Ne5 Be6 46. Nc4
Bxc4 47. Kxc4 g4 48. Kb5 g3 49. Bf1 Nd1 50. Bg2 Ke5 51. Kxb6 Nxe3 52. Bh3 g2
0-1

[Event "Bayerische EM 2014 Allg. Gruppe"]
[Site "Westerndorf St. Peter/Rosenheim"]
[Date "2014.08.24"]
[Round "2.14"]
[White "Shashkin, Igor"]
[Black "Lavrinenkov, Vadim"]
[Result "0-1"]
[WhiteElo "2115"]
[BlackElo "2178"]
[PlyCount "126"]
[EventDate "2014.??.??"]
[WhiteTeam "PTSV SK Hof 1892"]
[BlackTeam "SK Kriegshaber"]

1. e4 c5 2. Nc3 a6 3. a4 e6 4. Bc4 b6 5. Nf3 Bb7 6. O-O Ne7 7. d4 cxd4 8. Nxd4
Nbc6 9. Nf3 Ng6 10. Be3 Be7 11. Ne1 O-O 12. f4 Qc7 13. Qe2 Nb4 14. Bb3 f5 15.
e5 Bc5 16. Bxc5 bxc5 17. Rd1 Nc6 18. Qd2 Nd4 19. Bc4 Qb6 20. b3 Bc6 21. Ne2
Nxe2+ 22. Qxe2 Ne7 23. Rd3 Bd5 24. Rh3 Bxc4 25. Qxc4 Nd5 26. Qe2 c4+ 27. Kh1
cxb3 28. cxb3 Rf7 29. Nc2 Rc8 30. Na3 Rc3 31. Rxc3 Nxc3 32. Qc2 Ne4 33. Nc4 Qc5
34. Qe2 Rf8 35. Rf3 Rb8 36. h3 h5 37. Kh2 h4 38. Rd3 Ng3 39. Qd1 Qf2 40. Rf3
Qe2 41. Qxe2 Nxe2 42. Nd2 Rc8 43. Nc4 Rc7 44. a5 Kf8 45. Rf2 Nd4 46. Rb2 Rc5
47. Nb6 Rxa5 48. b4 Rb5 49. Nxd7+ Ke7 50. Nc5 a5 51. Nd3 axb4 52. Nxb4 Kf7 53.
g3 hxg3+ 54. Kxg3 Rc5 55. Rd2 Rc3+ 56. Rd3 Rc4 57. Na2 Ne2+ 58. Kf3 Nxf4 59.
Rd7+ Kg6 60. Re7 Kh6 61. h4 g6 62. Kg3 Nh5+ 63. Kh3 Re4 0-1

[Event "Bayerische EM 2014 Allg. Gruppe"]
[Site "Westerndorf St. Peter/Rosenheim"]
[Date "2014.08.24"]
[Round "2.15"]
[White "Graf, Christian"]
[Black "Köhler, Max"]
[Result "1-0"]
[WhiteElo "2158"]
[BlackElo "1587"]
[PlyCount "83"]
[EventDate "2014.??.??"]
[WhiteTeam "SU Ebersberg-Grafing"]
[BlackTeam "SC Tarrasch 45 München"]

1. e4 e6 2. d4 d5 3. Nd2 Nf6 4. Bd3 dxe4 5. Nxe4 Nc6 6. Nf3 b6 7. Nxf6+ gxf6 8.
O-O Bd6 9. Re1 Nb4 10. Be4 c6 11. c4 Bb7 12. a3 Na6 13. d5 cxd5 14. Bxd5 Bxd5
15. cxd5 Nc7 16. dxe6 fxe6 17. Nd4 O-O 18. Bh6 Rf7 19. Qg4+ Kh8 20. Nxe6 Nxe6
21. Qxe6 Qd7 22. Qxd7 Rxd7 23. Rad1 Rad8 24. Kf1 Kg8 25. Re4 Be5 26. Rg4+ Kf7
27. Rg7+ Ke6 28. Rdxd7 Rxd7 29. Rxd7 Kxd7 30. b3 Ke6 31. Ke2 Kd5 32. Kd3 a6 33.
a4 b5 34. axb5 axb5 35. h3 Bd6 36. g4 Ke5 37. Bg7 Kf4 38. Bxf6 Kf3 39. g5 Bc5
40. Bd4 Be7 41. Be3 Kg2 42. h4 1-0

[Event "Bayerische EM 2014 Allg. Gruppe"]
[Site "Westerndorf St. Peter/Rosenheim"]
[Date "2014.08.24"]
[Round "2.16"]
[White "Lochte, Thomas"]
[Black "Michalek, Michal"]
[Result "1/2-1/2"]
[WhiteElo "2108"]
[BlackElo "2153"]
[PlyCount "39"]
[EventDate "2014.??.??"]
[WhiteTeam "SK Weilheim"]
[BlackTeam "SV Seubelsdorf"]

1. e4 c5 2. d4 cxd4 3. c3 Nf6 4. e5 Nd5 5. Qxd4 e6 6. Nf3 Nc6 7. Qe4 d6 8. Bb5
Bd7 9. c4 Nb6 10. exd6 Bxd6 11. O-O Qc7 12. Nc3 a6 13. Rd1 Be7 14. Bf4 Qc8 15.
Na4 Nxa4 16. Bxa4 O-O 17. Bd6 Re8 18. c5 f5 19. Qe2 Bf6 20. Bxc6 1/2-1/2

[Event "Bayerische EM 2014 Allg. Gruppe"]
[Site "Westerndorf St. Peter/Rosenheim"]
[Date "2014.08.24"]
[Round "3.1"]
[White "Pohl-Kuemmel, Jens-Uwe"]
[Black "Stips, Felix"]
[Result "1/2-1/2"]
[WhiteElo "2270"]
[BlackElo "2315"]
[PlyCount "79"]
[EventDate "2014.??.??"]
[WhiteTeam "TSV Wacker Neutraubling"]
[BlackTeam "TSV Bindlach Aktionär-Schachabte"]

1. d4 d5 2. c4 dxc4 3. Nf3 Nf6 4. e3 e6 5. Bxc4 a6 6. O-O Nbd7 7. b3 b5 8. Be2
c5 9. a4 b4 10. Bb2 Bb7 11. Nbd2 Be7 12. Rc1 O-O 13. Nc4 cxd4 14. Bxd4 Rc8 15.
Nfe5 Nc5 16. Bf3 Bxf3 17. Nxf3 Nd5 18. Qc2 Qc7 19. Rfd1 Rfd8 20. Be5 Qb7 21.
Na5 Qb6 22. Nc4 Qb7 23. Na5 Qa8 24. Qb1 Bf8 25. Bd4 Nc3 26. Bxc3 Rxd1+ 27. Rxd1
bxc3 28. Qc2 Ne4 29. h3 Bb4 30. Nc4 Qb7 31. Rd4 Nf6 32. Nfe5 g6 33. Nd3 Nd5 34.
Nxb4 Qxb4 35. Ne5 Qxd4 36. exd4 Nb4 37. Qc1 Na2 38. Qc2 Nb4 39. Qc1 Na2 40. Qc2
1/2-1/2

[Event "Bayerische EM 2014 Allg. Gruppe"]
[Site "Westerndorf St. Peter/Rosenheim"]
[Date "2014.08.24"]
[Round "3.2"]
[White "Hilverda, Alexander"]
[Black "Schmid, Roland"]
[Result "1/2-1/2"]
[WhiteElo "2301"]
[BlackElo "2252"]
[PlyCount "98"]
[EventDate "2014.??.??"]
[WhiteTeam "SC Erlangen 48/88"]
[BlackTeam "TSV Wacker Neutraubling"]

1. Nf3 d5 2. g3 Nf6 3. Bg2 c6 4. c4 dxc4 5. O-O b5 6. a4 Bb7 7. b3 cxb3 8. Qxb3
a6 9. Ba3 Nbd7 10. d4 e6 11. Bxf8 Nxf8 12. Nbd2 Ng6 13. e4 O-O 14. e5 Nd7 15.
Ne4 c5 16. Nxc5 Nxc5 17. dxc5 Bd5 18. Qe3 Qc7 19. Rfe1 Rac8 20. Rac1 Bc4 21.
Nd2 Qxc5 22. Bb7 Qxe3 23. Rxe3 Rc7 24. Bxa6 Rc6 25. Nxc4 bxc4 26. Bb5 Rc5 27.
f4 Ne7 28. Rec3 Rd5 29. Rxc4 g5 30. Rc5 gxf4 31. gxf4 Rd4 32. R5c4 Rd2 33. R1c2
Rd1+ 34. Kf2 Nd5 35. Rc8 Nxf4 36. Rxf8+ Kxf8 37. Rc8+ Kg7 38. Rc7 Nd5 39. Rb7
Kg6 40. Be8 Rd2+ 41. Kf3 Rxh2 42. Rxf7 Kg5 43. Bd7 Nb6 44. Bb5 Rh3+ 45. Kf2 Ra3
46. Ra7 Kf4 47. a5 Nd5 48. Rf7+ Kxe5 49. a6 Kd6 1/2-1/2

[Event "Bayerische EM 2014 Allg. Gruppe"]
[Site "Westerndorf St. Peter/Rosenheim"]
[Date "2014.08.24"]
[Round "3.3"]
[White "Berchtenbreiter, Maximilian"]
[Black "Heimrath, Reiner"]
[Result "1-0"]
[WhiteElo "2412"]
[BlackElo "2192"]
[PlyCount "73"]
[EventDate "2014.??.??"]
[WhiteTeam "SG Pang-Rosenheim 1910 e.V."]
[BlackTeam "SC Noris-Tarrasch Nürnberg 1873"]

1. e4 e6 2. d4 d5 3. Nc3 Bb4 4. e5 c5 5. Bd2 cxd4 6. Nb5 Bc5 7. b4 Bf8 8. Nf3
Nc6 9. Rb1 h6 10. Rb3 a6 11. Nbxd4 Nge7 12. Bd3 Qc7 13. Qe2 g5 14. b5 Nxd4 15.
Nxd4 Bg7 16. f4 gxf4 17. Bxf4 Qc5 18. Be3 Qc7 19. Bf4 Qc5 20. c3 a5 21. O-O a4
22. Rb2 Qxc3 23. Be3 Bxe5 24. Rc2 Qb4 25. Nf3 Bd6 26. h3 e5 27. Bd2 Qa3 28.
Nxe5 Be6 29. b6 Rg8 30. Bb5+ Kd8 31. Rf3 Qxf3 32. Nxf3 Bxh3 33. Ne5 Nc6 34.
Bg5+ Kc8 35. Rxc6+ bxc6 36. Ba6+ Kb8 37. Nxc6# 1-0

[Event "Bayerische EM 2014 Allg. Gruppe"]
[Site "Westerndorf St. Peter/Rosenheim"]
[Date "2014.08.24"]
[Round "3.4"]
[White "Schelle, Artur"]
[Black "Zill, Christoph"]
[Result "1-0"]
[WhiteElo "2247"]
[BlackElo "2182"]
[PlyCount "67"]
[EventDate "2014.??.??"]
[WhiteTeam "SC Tarrasch 45 München"]
[BlackTeam "SK Freising"]

1. e4 e6 2. d4 d5 3. e5 c5 4. c3 Nc6 5. Nf3 Nh6 6. Bd3 cxd4 7. cxd4 Nf5 8. Bc2
Qb6 9. Bxf5 exf5 10. Nc3 Be6 11. O-O Be7 12. Na4 Qd8 13. Ne1 b6 14. Nc3 O-O 15.
f4 Nxd4 16. Kh1 Nc6 17. Nf3 d4 18. Ne2 Bc4 19. b3 Bxe2 20. Qxe2 d3 21. Qf2 Qd5
22. Bb2 Rfd8 23. Rad1 Qe4 24. Ng1 Bc5 25. Qg3 g6 26. Rfe1 Qd5 27. Nf3 Be7 28.
h4 h5 29. e6 Rd6 30. Ng5 fxe6 31. Ne4 Kf7 32. Nxd6+ Qxd6 33. Rxd3 Qc7 34. Rxe6
1-0

[Event "Bayerische EM 2014 Allg. Gruppe"]
[Site "Westerndorf St. Peter/Rosenheim"]
[Date "2014.08.24"]
[Round "3.5"]
[White "Wagner, Florian"]
[Black "Woitylak, Steffen"]
[Result "1-0"]
[WhiteElo "2215"]
[BlackElo "1921"]
[PlyCount "25"]
[EventDate "2014.??.??"]
[WhiteTeam "SC Noris-Tarrasch Nürnberg 1873"]
[BlackTeam "TV 1862 Geiselhöring"]

1. e4 c6 2. d4 d5 3. Nc3 dxe4 4. Nxe4 Bf5 5. Ng3 Bg6 6. Nf3 h6 7. Ne5 Bh7 8.
Qh5 g6 9. Qf3 Nf6 10. Qb3 e6 11. Qxb7 Nbd7 12. Nxc6 Qc8 13. Ba6 1-0

[Event "Bayerische EM 2014 Allg. Gruppe"]
[Site "Westerndorf St. Peter/Rosenheim"]
[Date "2014.08.24"]
[Round "3.6"]
[White "Prediger, Rupert"]
[Black "Lederle, Vitus"]
[Result "1/2-1/2"]
[WhiteElo "2253"]
[BlackElo "2200"]
[PlyCount "65"]
[EventDate "2014.??.??"]
[WhiteTeam "SG Pang-Rosenheim 1910 e.V."]
[BlackTeam "SC Dillingen"]

1. e4 c5 2. Nf3 e6 3. d4 cxd4 4. Nxd4 Qb6 5. Nb3 Qc7 6. Nc3 a6 7. Bd3 Nf6 8.
O-O d6 9. f4 Nc6 10. Qf3 Be7 11. Bd2 O-O 12. Kh1 b5 13. a3 Bb7 14. Qh3 g6 15.
Rae1 b4 16. axb4 Nxb4 17. Nb5 axb5 18. Bxb4 d5 19. Bxe7 Qxe7 20. e5 Ne4 21. Qe3
Rfc8 22. Ra1 Qc7 23. Kg1 Bc6 24. Rfd1 Ra4 25. Nd4 Qb6 26. Bxe4 dxe4 27. b3 Rxa1
28. Rxa1 Ra8 29. Rxa8+ Bxa8 30. Kf2 Qc5 31. c3 Bd5 32. b4 Qc4 33. Ne2 1/2-1/2

[Event "Bayerische EM 2014 Allg. Gruppe"]
[Site "Westerndorf St. Peter/Rosenheim"]
[Date "2014.08.24"]
[Round "3.7"]
[White "Taggatz, Mario"]
[Black "Lavrinenkov, Vadim"]
[Result "0-1"]
[WhiteElo "2231"]
[BlackElo "2178"]
[PlyCount "134"]
[EventDate "2014.??.??"]
[WhiteTeam "SC Gröbenzell"]
[BlackTeam "SK Kriegshaber"]

1. Nf3 Nf6 2. g3 d5 3. Bg2 c6 4. O-O Bg4 5. c4 e6 6. d3 Nbd7 7. cxd5 cxd5 8.
Nc3 Be7 9. Bf4 O-O 10. Rc1 Rc8 11. a3 Qb6 12. b4 a5 13. Na4 Qa6 14. Qb3 axb4
15. axb4 Qb5 16. Rb1 Bxf3 17. Bxf3 e5 18. Bg5 d4 19. Nc5 b6 20. Nxd7 Qxd7 21.
Bd2 Qh3 22. Bg2 Qg4 23. Bf3 Qh3 24. Bg2 Qg4 25. Bf3 Qg6 26. Rfc1 e4 27. dxe4
Nxe4 28. Qd3 Nxd2 29. Qxd2 Bg5 30. e3 dxe3 31. fxe3 Qh6 32. Re1 Rfd8 33. Qe2
Rc3 34. Rbd1 Qf6 35. Rxd8+ Qxd8 36. Qd1 Rd3 37. Qa4 Bxe3+ 38. Kh1 g6 39. Qa8
Qxa8 40. Bxa8 Kg7 41. Be4 Ra3 42. Re2 f5 43. Bc6 g5 44. Kg2 g4 45. h3 gxh3+ 46.
Kxh3 Bf4 47. Rg2 Bd6 48. Kh4 Be7+ 49. Kh5 Bxb4 50. Kg5 Ra5 51. Bd7 Be7+ 52. Kf4
Bd6+ 53. Kf3 Kf6 54. g4 Ra3+ 55. Ke2 f4 56. g5+ Ke5 57. Bc6 Bc5 58. Rg4 Re3+
59. Kd2 Rg3 60. Bd7 Be7 61. Rh4 Bxg5 62. Rxh7 f3+ 63. Kd3 Rg1 64. Bh3 Rd1+ 65.
Kc2 Rh1 66. Rh8 f2 67. Re8+ Kd4 0-1

[Event "Bayerische EM 2014 Allg. Gruppe"]
[Site "Westerndorf St. Peter/Rosenheim"]
[Date "2014.08.24"]
[Round "3.8"]
[White "Basener, Winfried"]
[Black "Knechtel, Roland"]
[Result "0-1"]
[WhiteElo "2146"]
[BlackElo "2227"]
[PlyCount "162"]
[EventDate "2014.??.??"]
[WhiteTeam "SC Neuhausen 1908"]
[BlackTeam "SV Röhrnbach e.V."]

1. d4 d5 2. c4 c6 3. e3 Nf6 4. Nf3 a6 5. Qb3 Ra7 6. Nc3 Bf5 7. Ne5 e6 8. cxd5
exd5 9. Be2 Nbd7 10. Nxd7 Nxd7 11. O-O Bd6 12. Bd2 O-O 13. a4 a5 14. g3 Re8 15.
Rfc1 Nf6 16. Qd1 Qd7 17. Na2 Ne4 18. Be1 Qe7 19. Nc3 Ng5 20. h4 Ne4 21. Nxe4
Qxe4 22. Bd2 Raa8 23. Bf3 Qe7 24. Qe1 Ra6 25. Be2 Ra7 26. Bf3 Rea8 27. Qf1 h6
28. Qg2 Bd3 29. Rc3 Bg6 30. Rcc1 Re8 31. Qf1 f5 32. Re1 Qf6 33. Bc3 b6 34. Be2
Bf7 35. Red1 Be6 36. Bf3 g5 37. hxg5 hxg5 38. Qd3 g4 39. Bg2 Bc8 40. Be1 Ba6
41. Qc2 Rc7 42. Bf1 Bc8 43. b4 axb4 44. a5 bxa5 45. Rxa5 Qh6 46. Rb1 Qf8 47.
Ra4 Bd7 48. Qa2 Rb8 49. Ra6 Rcb7 50. Qb3 Kg7 51. Bg2 Rb6 52. Ra2 Kf6 53. Rba1
Bc8 54. Bd2 Bb7 55. Bc1 Qc8 56. Bb2 Ba6 57. Bf1 Ra8 58. Ra4 Bb7 59. Bd3 Rxa4
60. Rxa4 Ba6 61. Bxa6 Rxa6 62. Rxb4 Bxb4 63. Qxb4 Qd8 64. Ba3 Rb6 65. Qc5 Rb1+
66. Kg2 Qe8 67. Qd6+ Qe6 68. Qd8+ Kg6 69. Kh2 Rf1 70. Kg2 Ra1 71. f3 Ra2+ 72.
Kf1 Rxa3 73. f4 Rxe3 74. Qg5+ Kf7 75. Qh5+ Qg6 76. Qh8 Re8 77. Qh2 Qg7 78. Qh5+
Qg6 79. Qh2 Kg7 80. Qb2 Qe6 81. Qd2 Qe3 0-1

[Event "Bayerische EM 2014 Allg. Gruppe"]
[Site "Westerndorf St. Peter/Rosenheim"]
[Date "2014.08.24"]
[Round "3.9"]
[White "Blodig, Constantin"]
[Black "Bintakies, Michael"]
[Result "0-1"]
[WhiteElo "1939"]
[BlackElo "2215"]
[PlyCount "80"]
[EventDate "2014.??.??"]
[WhiteTeam "SK Kelheim 1920"]
[BlackTeam "SK Kriegshaber"]

1. e4 d5 2. exd5 Qxd5 3. Nc3 Qd6 4. d4 Nf6 5. Nf3 c6 6. Ne5 Nbd7 7. f4 Nb6 8.
g4 Nbd5 9. Bg2 g6 10. g5 Nxc3 11. bxc3 Nd7 12. O-O Nxe5 13. fxe5 Qc7 14. Qe2 h6
15. c4 hxg5 16. d5 Bg7 17. d6 Qa5 18. Re1 exd6 19. exd6+ Be6 20. d7+ Kxd7 21.
Rb1 Kc7 22. Qe4 Qc5+ 23. Be3 Qxc4 24. Bxg5 Qxe4 25. Bxe4 Rae8 26. Bf4+ Kc8 27.
Bxc6 Bd4+ 28. Kg2 bxc6 29. Rb8+ Kd7 30. Rb7+ Kd8 31. Rd1 c5 32. Rxa7 Bd5+ 33.
Kg3 Re2 34. h4 Rxc2 35. Be3 Rc3 36. Kf4 Rxe3 37. Rb1 Rxh4+ 38. Kg5 Rh5+ 39. Kg4
f5+ 40. Kf4 Rf3# 0-1

[Event "Bayerische EM 2014 Allg. Gruppe"]
[Site "Westerndorf St. Peter/Rosenheim"]
[Date "2014.08.24"]
[Round "3.10"]
[White "Grawe, Christian"]
[Black "Graf, Christian"]
[Result "1-0"]
[WhiteElo "2214"]
[BlackElo "2158"]
[PlyCount "123"]
[EventDate "2014.??.??"]
[WhiteTeam "Schachklub Germering e. V."]
[BlackTeam "SU Ebersberg-Grafing"]

1. e4 c6 2. d4 d5 3. Nd2 dxe4 4. Nxe4 Bf5 5. Ng3 Bg6 6. h4 h6 7. Nf3 Nd7 8. h5
Bh7 9. Bd3 Bxd3 10. Qxd3 Ngf6 11. Bd2 e6 12. O-O-O Qc7 13. Ne4 O-O-O 14. g3 Nc5
15. Nxc5 Bxc5 16. c4 Bd6 17. Bc3 Rhe8 18. Qe2 c5 19. Kb1 cxd4 20. Nxd4 a6 21.
a3 Bc5 22. Nb3 Rxd1+ 23. Rxd1 Be7 24. g4 Rd8 25. Rxd8+ Qxd8 26. f3 Qb6 27. Ka2
Ne8 28. f4 Bf6 29. Be5 Bxe5 30. fxe5 f6 31. exf6 Nxf6 32. Qe5 Kd7 33. g5 hxg5
34. h6 gxh6 35. Qxf6 Qe3 36. Qxh6 b6 37. Qg7+ Kd6 38. Nd4 Qf4 39. b3 Qd2+ 40.
Kb1 Qd1+ 41. Kb2 Qd2+ 42. Nc2 Qf4 43. Qb7 Qf6+ 44. Ka2 Qf2 45. Qe4 g4 46. Kb1
g3 47. Qd4+ Qxd4 48. Nxd4 Ke5 49. Ne2 g2 50. Kc2 Ke4 51. Kd2 a5 52. Ng1 e5 53.
Ne2 a4 54. bxa4 g1=Q 55. Nxg1 Kd4 56. Kc2 Kxc4 57. Ne2 e4 58. Nc3 Kd4 59. Kb3
e3 60. Kb4 Ke5 61. Kc4 Kd6 62. Kd4 1-0

[Event "Bayerische EM 2014 Allg. Gruppe"]
[Site "Westerndorf St. Peter/Rosenheim"]
[Date "2014.08.24"]
[Round "3.11"]
[White "Stadler, Alexander"]
[Black "Straub, Jürgen"]
[Result "1/2-1/2"]
[WhiteElo "2109"]
[BlackElo "2201"]
[PlyCount "113"]
[EventDate "2014.??.??"]
[WhiteTeam "SV Röhrnbach e.V."]
[BlackTeam "SK Ingolstadt"]

1. d4 Nf6 2. Nf3 e6 3. c4 b6 4. g3 Bb7 5. Bg2 Bb4+ 6. Nbd2 O-O 7. O-O d5 8. a3
Be7 9. Qc2 Nbd7 10. cxd5 exd5 11. Rd1 a5 12. Nb1 c5 13. Nc3 Qc8 14. Bf4 Rd8 15.
Rac1 h6 16. Ne5 cxd4 17. Nxd5 Bxd5 18. Qxc8 Raxc8 19. Nxd7 Bxg2 20. Nxf6+ Bxf6
21. Kxg2 d3 22. Rxd3 Bxb2 23. Rxc8 Rxc8 24. Rb3 Rc2 25. Kf3 a4 26. Rxb6 Bxa3
27. Ra6 Rc4 28. Bd6 Rc3+ 29. Ke4 Bxd6 30. Rxd6 Rc2 31. Kd3 Ra2 32. Ra6 a3 33.
Ke3 h5 34. Kf3 g6 35. h3 Kg7 36. g4 hxg4+ 37. hxg4 f6 38. Ra7+ Kh6 39. Rf7 Kg5
40. Kg3 Rxe2 41. f4+ Kh6 42. Rxf6 Kg7 43. Ra6 Re3+ 44. Kh4 Rb3 45. Ra7+ Kf6 46.
Ra6+ Kg7 47. Kg5 Rb5+ 48. f5 gxf5 49. gxf5 Rb7 50. Rxa3 Rb6 51. Ra7+ Kf8 52.
Rh7 Kg8 53. Re7 Kf8 54. Re6 Rxe6 55. fxe6 Ke7 56. Kf5 Ke8 57. Kf6 1/2-1/2

[Event "Bayerische EM 2014 Allg. Gruppe"]
[Site "Westerndorf St. Peter/Rosenheim"]
[Date "2014.08.24"]
[Round "3.12"]
[White "Michalek, Michal"]
[Black "Schlichtmann, Robin"]
[Result "1-0"]
[WhiteElo "2153"]
[BlackElo "2079"]
[PlyCount "41"]
[EventDate "2014.??.??"]
[WhiteTeam "SV Seubelsdorf"]
[BlackTeam "SK Bruckmühl e.V."]

1. d4 Nf6 2. c4 g6 3. g3 Bg7 4. Bg2 d5 5. cxd5 Nxd5 6. e4 Nb6 7. Ne2 c5 8. d5
f5 9. exf5 Bxf5 10. O-O O-O 11. Nbc3 e6 12. dxe6 Qe7 13. Nf4 Nc6 14. Ncd5 Nxd5
15. Nxd5 Qxe6 16. Nc7 Qf6 17. Qb3+ Kh8 18. Nxa8 Nd4 19. Qxb7 Bd3 20. Be3 Nc2
21. Bxc5 1-0